Rozhovory z diaľky
Enregistré dans:
| Auteur principal: | |
|---|---|
| Format: | Livre |
| Langue: | slovaque |
| Publié: |
Martin
Vydavateľstvo Matice slovenskej
2000
|
| Sujets: | |
| Tags: |
Pas de tags, Soyez le premier à ajouter un tag!
|
MARC
| LEADER | 00000nam a2200000 4500 | ||
|---|---|---|---|
| 001 | c142188 | ||
| 005 | 20221123133426.7 | ||
| 020 | |a 80-7090-572-7 | ||
| 041 | 0 | |a slo | |
| 044 | |a SK | ||
| 245 | 1 | 0 | |a Rozhovory z diaľky |c Vladimír Repka |
| 264 | 1 | |a Martin |b Vydavateľstvo Matice slovenskej |c 2000 | |
| 300 | |a 325 s. | ||
| 610 | 2 | 0 | |a národ |
| 610 | 2 | 0 | |a emigrácia |
| 610 | 2 | 0 | |a štát |
| 610 | 2 | 0 | |a zvrchovanosť |
| 610 | 2 | 0 | |a politika |
| 610 | 2 | 0 | |a história |
| 610 | 2 | 0 | |a politika azylová |
| 610 | 2 | 0 | |a Slovensko |
| 610 | 2 | 0 | |a Matica slovenská |
| 100 | 1 | |a Repka, Vladimír | |